Ženy maľuje v rôznych podobách, s krídlami alebo s telom šelmy košická rodáčka Saša Makarová, ktorá žije vo Viedni, kráča profesionálne v stopách svojho otca Štefana

Podrobná bibliografia
Hlavný autor: Bejda, Róbert (Autor)
Médium: Článok
Jazyk:slovenčina
Fyzický popis:Obr.
ISSN:1336-5320
Predmet:

MARC

LEADER 00000nab a2200000 a 4500
001 vtls009952124
003 SK-MaSNL
005 20260303050139.0
008 171110 2009 xo r r 000 0 slo
038 |a KEVKJB 
040 |a KEVKJB  |b slo  |c KEVKJB  |e AACR2 
041 0 |a slo 
044 |a xo  |c SK 
080 |a 75.071.1  |2 2001 
080 |a 929 Makarová, Saša  |2 2001 
100 1 |a Bejda, Róbert  |4 aut  |9 760251 
245 1 0 |a Ženy maľuje v rôznych podobách, s krídlami alebo s telom šelmy  |b košická rodáčka Saša Makarová, ktorá žije vo Viedni, kráča profesionálne v stopách svojho otca Štefana  |c Róbert Bejda 
300 |b Obr. 
600 1 7 |a Makarová, Saša,  |d 1966-  |2 kevkjb  |9 1037882 
650 0 7 |a rodáci  |2 snkbucl  |9 30842 
650 0 7 |a maliarky  |z Košice (Slovensko)  |2 kevkjb  |9 1037883 
650 0 7 |a výstavy  |z Košice (Slovensko)  |2 kevkjb  |9 817392 
651 7 |a Košice (Slovensko)  |2 kevkjb  |9 18694 
773 0 |t Košický večer  |g Roč. 20(41), č. 38 (18.9.2009), s. 15  |x 1336-5320 
852 |a KEVKJB  |b KIS3GCP 
958 |a BX 
999 |c 1706321  |d 1708251